| 000 | 00459nam a2200169 i 4500 | ||
|---|---|---|---|
| 001 | 73947 | ||
| 003 | ES-MaACL | ||
| 005 | 20230906171951.0 | ||
| 007 | t| | ||
| 008 | 040913s1907 ve ||||1| spa d | ||
| 100 | 1 |
_aGonzález, Eloy G. _958305 |
|
| 245 | 1 | 0 |
_aDentro de la Cosiata / _cEloy G. González. |
| 260 |
_aCaracas : _b[s.n., _c197] ( _fImprenta Nacional) |
||
| 300 |
_aX, 247 p. ; _c18 cm. |
||
| 500 | _aCarece de port. | ||
| 852 |
_aES-MaACL _jG-8235 |
||
| 999 |
_c73947 _d73947 |
||